<?xml version="1.0" encoding="UTF-8"?>
<record
    xmlns:xsi="http://www.w3.org/2001/XMLSchema-instance"
    xsi:schemaLocation="http://www.loc.gov/MARC21/slim http://www.loc.gov/standards/marcxml/schema/MARC21slim.xsd"
    xmlns="http://www.loc.gov/MARC21/slim">

  <leader>01226    a2200193   4500</leader>
  <controlfield tag="001">54305</controlfield>
  <controlfield tag="005">20260407155814.0</controlfield>
  <controlfield tag="008">260407a1967    arg                 spa d</controlfield>
  <controlfield tag="003">AR-UNSa-BCEJYS</controlfield>
  <datafield tag="040" ind1=" " ind2=" ">
    <subfield code="a">AR-UNSa-BCEJYS</subfield>
    <subfield code="b">spa</subfield>
    <subfield code="c">AR-UNSa-BCEJYS</subfield>
  </datafield>
  <datafield tag="080" ind1=" " ind2=" ">
    <subfield code="a">336.7</subfield>
    <subfield code="x">Moneda. Sistema monetario. Banca. Bolsa</subfield>
  </datafield>
  <datafield tag="245" ind1="1" ind2="0">
    <subfield code="a">El gran tablero</subfield>
    <subfield code="p">el mundo de Wall Street</subfield>
  </datafield>
  <datafield tag="264" ind1=" " ind2="1">
    <subfield code="a">M&#xE9;xico :</subfield>
    <subfield code="b">Limusa-Wiley</subfield>
    <subfield code="c">1967</subfield>
  </datafield>
  <datafield tag="300" ind1=" " ind2=" ">
    <subfield code="a">1967</subfield>
    <subfield code="c">24 cm.</subfield>
  </datafield>
  <datafield tag="505" ind1=" " ind2=" ">
    <subfield code="a">1. antecedentes europeos - 2. Los valores de la naciente am&#xE9;rica - 3. Bajo el dominio ingl&#xE9;s:1812-1837 - 4. La primera era ferroviaria:1837-1857 - 5. Las fortunas de la guerra:1857-1865 - 6. Consolidaci&#xF3;n, expansi&#xF3;n y p&#xE1;nico:1865-1873 - 7. Surge la banca de inversiones:1873-1884 - 8. Todos los caminos llevan a Wall Street:1884-1896 - 9. La morganizaci&#xF3;n de los Estados Unidos:1896-1903 - 10. El fin de la edad de oro:1903-1913 - 11. Genealog&#xED;a del alza gigantesca:1914-1924 - 12. A&#xF1;os triunfales de alza gigantesca:1924-1929 - 13. Muerte del alza gigantesca:1925-1933 - 14. Muerte y transfiguraci&#xF3;n:1933-1947 - 15. Tard&#xED;o auge:1947-1960 - 16. La nueva Wall Street:1953-1964</subfield>
  </datafield>
  <datafield tag="942" ind1=" " ind2=" ">
    <subfield code="c">BK</subfield>
  </datafield>
  <datafield tag="590" ind1=" " ind2=" ">
    <subfield code="a">niveau_biblio:m niveau_hierar:0</subfield>
  </datafield>
  <datafield tag="100" ind1="1" ind2=" ">
    <subfield code="a">Sobel, Robert</subfield>
  </datafield>
  <datafield tag="999" ind1=" " ind2=" ">
    <subfield code="c">5474</subfield>
    <subfield code="d">5474</subfield>
  </datafield>
  <datafield tag="952" ind1=" " ind2=" ">
    <subfield code="0">0</subfield>
    <subfield code="1">0</subfield>
    <subfield code="4">0</subfield>
    <subfield code="7">0</subfield>
    <subfield code="a">BCEJYS</subfield>
    <subfield code="b">BCEJYS</subfield>
    <subfield code="c">16</subfield>
    <subfield code="d">2026-04-07</subfield>
    <subfield code="l">0</subfield>
    <subfield code="o">336.7 S677</subfield>
    <subfield code="p">L21241</subfield>
    <subfield code="r">2026-04-07 15:58:14</subfield>
    <subfield code="w">2026-04-07</subfield>
    <subfield code="y">L</subfield>
  </datafield>
</record>
